Dovoz tropického dřeva do Československa a jeho využití v České republice

Bibliographic Details
Main Author: Hurda, Bohumil, 1940- (Author)
Format: Article
Language:Slovak
Subjects:

MARC

LEADER 00000nab a2200000 a 4500
001 vtls000401892
003 SK-MaSNL
005 20260302231813.0
008 140328c1990 xo 0 slo
015 |a SNBRB19rr/mm-uuuuu 
035 |a CL0402016 
040 |a SNKBUCL  |b slo  |c SNKBUCL  |e AACR2 
041 0 |a slo 
044 |a xo  |c SK 
080 |a 674.03(213.5):339.562  |2 1981 
080 |a 339.562  |2 1981 
100 1 |a Hurda, Bohumil,  |d 1940-  |4 aut  |9 119292 
245 1 0 |a Dovoz tropického dřeva do Československa a jeho využití v České republice  |c Bohumil Hurda 
650 0 7 |a drevo tropické  |2 snkbucl  |9 961149 
655 7 |a články z novín a časopisov  |2 snkbucl  |9 267496 
773 0 |t Drevo  |g Roč. 45, č. 11 (1990), s. 322-323 
850 |a Slovenská národná knižnica v Martine  |a MTA001 
852 |a SNK  |b KIS3GCP 
958 |a RK 
992 |a RBX 
999 |c 1540113  |d 1542043